| 000 | 00402ntaaa2200169 4500 | ||
|---|---|---|---|
| 003 | 01 | ||
| 005 | 20251027201911.0 | ||
| 008 | 0714s1973 ag 01 | ||
| 040 |
_aAR-BaBN _bspa _cAR-BaBN _eaacr _dRIC |
||
| 082 | _a244.1000 Ol5 | ||
| 100 | _aOlmedo, María Adelina | ||
| 245 | _aPerico | ||
| 250 |
_a1 ed. : _bEditorial Evangélica Bautista, _c1955 |
||
| 300 | _a55 p. | ||
| 650 | _aNiños | ||
| 942 | _cBK | ||
| 999 |
_c13717 _d13717 |
||